Vplyv pandémie Covid-19 na funkciu manažmentu organizovanie diplomová práca

Gespeichert in:
Bibliographische Detailangaben
1. Verfasser: Bogdány, Cyntia
Körperschaft: Fakulta podnikového manažmentu EU. Katedra manažmentu
Weitere Verfasser: Mišún, Juraj, 1978-
Format: Buch
Sprache:Slowakisch
Veröffentlicht: Bratislava 2023
Tags: Tag hinzufügen
Keine Tags, Fügen Sie das erste Tag hinzu!

MARC

LEADER 00000nbm a2200000 4500
001 0293496
005 20240221084700.4
041 0 |a slo 
044 |a SK 
245 1 0 |a Vplyv pandémie Covid-19 na funkciu manažmentu organizovanie  |b diplomová práca  |c Cyntia Bogdány ; školiteľ: Juraj Mišún 
264 1 |a Bratislava  |c 2023 
300 |a 84 s. 
100 1 |a Bogdány, Cyntia 
700 1 |a Mišún, Juraj, 1978- 
710 2 |a Fakulta podnikového manažmentu EU. Katedra manažmentu